02356nam a2200409Ia 450000500170000000800410001702000150005808200180007310000160009124501510010725000190025830000500027760000700032765000340039765000540043165000640048565000510054965000270060065000260062770000240065370000480067794200120072526400260073733600270076333700330079033800280082304000350085199900150088695201270090195201280102895201280115695201300128495201360141495201300155095201330168095201330181320220317000626.0160601s2002 sp a g 000 0 spa  a843060479004a302.23 bB73d1 aBriggs, Asa10aDe Gutenberg a internet buna historia social de los medios de comunicación cAsa Briggs, Peter Burke btraducción de Marco Aurelio Galmarini a1a. edición  a425 páginas bilustraciones, mapas c24 cm 14aGutenberg, Johannd1400-1468xCrítica e interpretación950835142LEMBaComunicación escrita 142LEMBaMedios de comunicación en masasxHistoria142LEMBaMedios de comunicación en masasyAspectos sociales 142LEMBaDesarrollo científico y tecnológico 142LEMBaGlobalización 142LEMBaCivilización 1 aBurke, Peter9508391 aGalmarini, Marco Aurelioetraductor 950840 2ddccBK aMadrid bTaurusc2002 atextobtxt2rdacontent asin mediaciónbn2rdamedia avolumenbnc2rdacarrier aCO-BoRNBPbspaerdacCO-BoRNBP c4594d4594 00102ddc40708GENaMEPRICObMEPRICOcGENd2022-12-05o302.23 B37dpPR0000074r2022-12-05 00:00:00tEj.1w2022-12-05yBK 00102ddc40708GENaMEDORADObMEDORADOcGENd2022-12-07o302.23 B73dpDOR00080r2022-12-07 00:00:00tEj.1w2022-12-07yBK 00102ddc40708GENaMEMAPIRIbMEMAPIRIcGENd2023-03-17l0o302.23pMAP0000141r2023-03-17 00:00:00tEj.1w2023-03-17yBK 00102ddc40708GENaMESMARTIbMESMARTIcGENd2023-03-27l0o302.23 B73dpSM00962r2023-03-27 00:00:00tEj.1w2023-03-27yBK 00102ddc40708001aMEACACIAbMEACACIAcGENd2023-10-26l0o302.23 B73d Ej.1pACA02031r2023-10-26 15:20:31tEj.1w2023-10-26yBK 00102ddc40708GENaMEURIBEbMEURIBEcGENd2024-05-30l0o302.23 B73d pURI00148r2024-05-30 22:10:38tEj.1w2024-05-30yBK 00102lcc40708GENaMEPCONCObMEPCONCOcGENd2026-01-29l0o302.23 B73dpPCON00457r2026-01-29 22:43:11tEj.1w2026-01-29yBK 00102ddc40708GENaMECABUYAbMECABUYAcGENd2026-02-03l0o302.23 B73dpCAB001356r2026-02-03 21:13:17tEj.1w2026-02-03yBK